The longest distance you can travel between two points on earth in a straight line - Statistics

General Stats
  • This quiz has been taken 61 times
  • The average score is 11 of 18
Answer Stats
Clue Country % Correct
1 We start in China China
98%
11 African country (by Suez canal) Egypt
74%
2 Asian country Tajikistan
68%
12 African country Libya
66%
4 Asian country (same than 2) Tajikistan
66%
13 African country Chad
64%
10 Asian country Israel
64%
7 Asian country Iran
62%
8 Asian country Iraq
62%
9 Asian country Jordan
62%
14 African country Niger
62%
6 Asian country Turkmenistan
60%
5 Asian country Uzbekistan
60%
3 Asian country Afghanistan
57%
15 African country Burkina Faso
53%
17 African country (same than 15) Burkina Faso
49%
16 African country Ghana
49%
18 African country Cote d`Ivoire
21%
No matching quizzes found
Score Distribution
Percent of People with Each Score
Percentile by Number Answered
Your Score History
You have not taken this quiz